|
|
|
|
| LEADER |
00593nam a2200157Ia 4500 |
| 008 |
161229s9999 xx 000 0 und d |
| 020 |
|
|
|a 8170401062
|
| 082 |
|
|
|a 658.81 BEL/RE
|
| 100 |
|
|
|a Bellur, V V
|
| 245 |
|
|
|a Readings in personal selling and sales management
|
| 260 |
|
|
|b Himalaya Publishing House
|a Bombay
|c 1990
|
| 300 |
|
|
|a xv, 419
|
| 700 |
|
|
|a Berkman, Harold W
|
| 942 |
|
|
|c BK
|
| 999 |
|
|
|c 151222
|d 151222
|
| 952 |
|
|
|0 0
|1 0
|4 0
|6 658_810000000000000_BELRE
|7 0
|9 150273
|a KAUCLV
|b KAUCLV
|d 2016-12-29
|g 250.00
|o 658.81 BEL/RE
|p 902531
|r 2016-12-29
|w 2016-12-29
|y BK
|z Book transferred from CCBM Library ,Acc.No:1432
|